=LDR 00000nam 2200000 4500 =001 INLIS000000000016790 =005 20130612112032 =008 ***********************************Ind** =035 ##$$0010-061300000016790 =041 ##$$a Ind =082 ##$$a 028.5 =090 ##$$a 028.5, Roh b =100 ##$$a Rohdialisa, Dwi =245 ##$$a Bali sang penolong, Dwi Rahdialisa =260 ##$$a 2002 $b Bandung =300 ##$$a 64 hlm, ilus, 23 cm =650 ##$$a Bacaan anak-anak =850 ##$$a NBPNMAT